Kadra reprezentacji Chorwacji na Euro 2024 - Statystyki

Ogólne statystyki
  • Ten quiz został rozwiązany 260 razy
  • Średni wynik to 11 z 26
Statystyki odpowiedzi
Zawodnik Pozycja Klub % Poprawnych
Luka Modrić Pomocnik Real Madryt
99%
Dominik Livaković Bramkarz Fenerbahče
87%
Mateo Kovačić Pomocnik Manchester City
87%
Joško Gvardiol Obrońca Manchester City
86%
Andrej Kramarić Napastnik Hoffenheim
70%
Marcelo Brozović Pomocnik Al-Nassr
70%
Ante Budimir Napastnik Osasuna
62%
Ivan Perišić Napastnik Hajduk Split
51%
Marco Pašalić Napastnik HNK Rijeka
49%
Mario Pašalić Pomocnik Atalanta
49%
Lovro Majer Pomocnik Wolfsburg
48%
Josip Šutalo Obrońca Ajax
46%
Borna Sosa Obrońca Ajax
44%
Domagoj Vida Obrońca AEK
42%
Josip Stanišić Obrońca Bayer Leverkusen
39%
Josip Juranović Obrońca Union Berlin
35%
Bruno Petković Napastnik Dinamo Zagrzeb
34%
Luka Sučić Pomocnik RB Salzburg
26%
Nikola Vlašić Pomocnik Torino
26%
Martin Baturina Pomocnik Dinamo Zagrzeb
20%
Marin Pongračić Obrońca Lecce
17%
Martin Erlić Obrońca Sassuolo
12%
Ivica Ivušić Bramkarz Pafos
11%
Marko Pjaca Napastnik HNK Rijeka
11%
Luka Ivanušec Pomocnik Feyenoord
10%
Nediljko Labrović Bramkarz HNK Rijeka
10%
Nie znaleziono quizów pasujących do podanych kryteriów
Rozkład punktacji
Procent ludzi z każdym wynikiem
Percentyl według liczby udzielonych odpowiedzi
Twoja historia wyników
Nie rozwiązałeś tego quizu